A feasibility study on the establishment of Skin doctor of City Mall, along North National Highway, Dumaguete City / (Record no. 5743)
[ view plain ]
| 000 -LEADER | |
|---|---|
| fixed length control field | 03902naa a2200349Ia 4500 |
| 003 - CONTROL NUMBER IDENTIFIER | |
| control field | OSt |
| 005 - DATE AND TIME OF LATEST TRANSACTION | |
| control field | 20260416104908.0 |
| 008 - FIXED-LENGTH DATA ELEMENTS--GENERAL INFORMATION | |
| fixed length control field | 260416s2017 xx 000 0 und d |
| 040 ## - CATALOGING SOURCE | |
| Original cataloging agency | Foundation University |
| Language of cataloging | Eng |
| Transcribing agency | Foundation University |
| Description conventions | rda |
| 050 ## - LIBRARY OF CONGRESS CALL NUMBER | |
| Classification number | CBA (MgtAcct-FS) LG 221 D35 B87 |
| Item number | A5 B87 M36 2016 A73 |
| 099 ## - LOCAL FREE-TEXT CALL NUMBER (OCLC) | |
| Classification number | 799 |
| 100 ## - MAIN ENTRY--PERSONAL NAME | |
| Personal name | Egera, Catherine T. |
| 9 (RLIN) | 1517 |
| Relator term | author. |
| 245 10 - TITLE STATEMENT | |
| Title | A feasibility study on the establishment of Skin doctor of City Mall, along North National Highway, Dumaguete City / |
| Statement of responsibility, etc. | by Catherine T. Egera, Rayya Mae M. Gallego, Rhonna B. Jardinico, Ma. Evel O. Paculba |
| 264 ## - PRODUCTION, PUBLICATION, DISTRIBUTION, MANUFACTURE, AND COPYRIGHT NOTICE | |
| Place of production, publication, distribution, manufacture | Dumaguete City |
| Name of producer, publisher, distributor, manufacturer | Foundation Uiniversity, |
| Date of production, publication, distribution, manufacture, copy right date | 2016. |
| Copyright Date | 2016. |
| 300 ## - PHYSICAL DESCRIPTION | |
| Extent | xix, 133 leaves : |
| Other physical details | ill. (chiefly color) ; |
| Dimensions | 28 cm. |
| Materials specified | volume |
| Type of unit | resource |
| 336 ## - CONTENT TYPE | |
| Source | rdacontent |
| Content type term | text |
| Content type code | txt |
| 337 ## - MEDIA TYPE | |
| Source | rdamedia |
| Media type term | unmediated |
| Media type code | n |
| 338 ## - CARRIER TYPE | |
| Materials specified | rdacarrier |
| Carrier type term | volume |
| Carrier type code | nc |
| 502 ## - DISSERTATION, THESIS NOTE | |
| Master's Degree Note | Undergraduate feasibility (BS in Administration Major in Management Accounting) - - Foundation University, 2016. |
| 504 ## - BIBLIOGRAPHY, ETC. NOTE | |
| Bibliography, etc. note | Includes bibliographical references and appendices. |
| 520 ## - ABSTRACT, SUMMARY, ETC. | |
| Abstract, Summary, etc. | Abstract<br/>The main objective of the study is to determine the feasibility of<br/>establishing a commercial building for lease as a business in Dumaguete City.<br/>That the following are considered to be the specific objective of the study: (1) To<br/>identify and quantify the financial costs and non-financial costs and benefits of<br/>the business. (2) To know if the proposed SEAMARPAT Commercial Building is<br/>feasible in the management, marketing, technical, financial and social-<br/>economical aspects. (3) To determine if it will be accepted on the open market<br/>along with who will be the target market. (4) To determine if the SEAMARPAT<br/>Commercial Building gives the respondents the service they deserved.<br/>Upon the conduct of the study, there are Three Hundred Twenty (320)<br/>respondents. The respondents are business Owners of coffee shops,<br/>printing/photocopying centers, tailoring, eatery, convenience store, sari-sari<br/>store, law firm, accounting firm, laundry shop, internet cafes, electronic repair<br/>shops, pawnshops, dental clinics, souvenir shops and parlors. In addition, the<br/>study utilized the use of survey questionnaires to gather information from the<br/>respondents.<br/>The total investment needed isP 6.900.000 (Six Million Nine Hundred<br/>Pesos) and the payback period is 6.89 years or 7 years.<br/>The results of the study illustrates that the proposed project is feasible in<br/>different aspects. The layout design and equipment is suitable for the project.<br/>Projected financial statements and ratios indicate that the project is viable and<br/>feasible and that it is profitable, effective and efficient that signals a favorable<br/>condition for the business. The project will endure a favorable impact unto the<br/>economy as a whole for it generates income and employment opportunity. In<br/>addition, it is as well supporting to environmental regulations set forth by the law<br/>or the government.<br/>There are eighty seven percent (87%) who are willing and capable to<br/>patronize the establishment of SEAMARPAT Commercial Building business in<br/>the city. With that, there is an indication that the proposed business is feasible<br/>and is generally accepted. |
| 650 ## - SUBJECT ADDED ENTRY--TOPICAL TERM | |
| Topical term or geographic name entry element | Commercial real estate |
| Geographic subdivision | Philippines |
| 9 (RLIN) | 15507 |
| 650 ## - SUBJECT ADDED ENTRY--TOPICAL TERM | |
| Topical term or geographic name entry element | Office buildings |
| Geographic subdivision | Philippines. |
| 9 (RLIN) | 15508 |
| 650 ## - SUBJECT ADDED ENTRY--TOPICAL TERM | |
| Topical term or geographic name entry element | Real estate development |
| Geographic subdivision | Philippines |
| 9 (RLIN) | 15509 |
| 650 ## - SUBJECT ADDED ENTRY--TOPICAL TERM | |
| Topical term or geographic name entry element | Feasibility studies. |
| 9 (RLIN) | 13723 |
| 658 ## - INDEX TERM--CURRICULUM OBJECTIVE | |
| Main curriculum objective | Project Feasibility Study : |
| Subordinate curriculum objective | Administration Major Management Accounting, Bachelor of Science in ; |
| Curriculum code | MAC402 |
| 700 ## - ADDED ENTRY--PERSONAL NAME | |
| Personal name | Egera, Catherine T. |
| Relator term | co-author |
| 9 (RLIN) | 15510 |
| 700 ## - ADDED ENTRY--PERSONAL NAME | |
| Personal name | Gallego, Rayya Mae M., |
| Relator term | co-author |
| 9 (RLIN) | 15511 |
| 700 ## - ADDED ENTRY--PERSONAL NAME | |
| Personal name | Jardinico, Rhonna B., |
| Relator term | co-author |
| 9 (RLIN) | 15512 |
| 700 ## - ADDED ENTRY--PERSONAL NAME | |
| Personal name | Paculba, Ma. Evel O |
| Relator term | co-author |
| 9 (RLIN) | 15513 |
| 942 ## - ADDED ENTRY ELEMENTS (KOHA) | |
| Source of classification or shelving scheme | Library of Congress Classification |
| Koha item type | Feasibility Study |
| Classification part | LG 221 D35 B87 |
| Item part | A5 B87 M36 2016 A73 |
| Call number prefix | CBA (MgtAcct-FS) |
| Withdrawn status | Lost status | Source of classification or shelving scheme | Damaged status | Not for loan | Home library | Current library | Shelving location | Date acquired | Source of acquisition | Total Checkouts | Full call number | Barcode | Date last seen | Price effective from | Koha item type | Accession Number |
|---|---|---|---|---|---|---|---|---|---|---|---|---|---|---|---|---|
| Library of Congress Classification | Foundation University Library | Foundation University Library | Undergraduate Thesis | 04/16/2026 | Donated | CBA (MgtAcct-FS) LG 221 D35 B87 A5 B87 M36 2016 A73 c.1 | 60561 | 04/16/2026 | 04/16/2026 | Feasibility Study | MgtAcct-FS-2026002 | |||||
| Library of Congress Classification | Foundation University Library | Foundation University Library | Undergraduate Thesis | 04/16/2026 | Donated | CBA (MgtAcct-FS) LG 221 D35 B87 A5 B87 M36 2016 A73 c.2 | 60562 | 04/16/2026 | 04/16/2026 | Feasibility Study | MgtAcct-FS-2026003 |
